000 00717nam a2200217 u 4500
005 20240315063704.0
008 160210s2008 ea r 000 0 spa d
020 _a1580871267 (10 dígitos)
020 _a9781580871266 (13 dígitos)
035 _aUPN01000208103
049 _aI
050 4 _aQL676.2
_bK6.2
100 1 _aKostyal, K. M.,
_d1951-
_938435
245 1 0 _aAves /
_cK. M. Kostyal ; tr. de María Teresa Sansz Falcón.
260 _aWashington :
_bNational Geographic Society :
_bStampley,
_c2008.
300 _a60 p. :
_bprincipalmente il. col.
440 0 _aDescubre la naturaleza
650 2 _aAves
_vLiteratura infantil
_919835
650 4 _aLibros y lectura para niños
_92290
905 _aInfantil
999 _c180204
_d180204